000
002440000a22000970004500
100
1
_a
Neira, Armando
245
1
0
_a
Los periodistas impulsan a los sicarios
300
_a
Vol. 80, Núm 80 (1994), Páginas 24-25
773
0
_t
Cambio 16
942
_c
ANA
999
_c
58679
_d
58679